000 00995nam a22002177a 4500
999 _c57234
_d57234
003 Ge_BSU
005 20200127103209.0
008 200127s2017 ge ||||| |||| 00| 0 geo d
020 _a151202
041 _ageo
080 _a572(051.2) ა-65
245 _aანთროპოლოგიური კვლევანი = Antropological researches :
_bIII /
_cრედ : ნ. აბაკელია ; ქ. ხუციშვილი.
264 _aთბილისი :
_bუნივერსალი,
_c2017.
300 _a241 გვ .:
_c25 სმ.
504 _aბიბლიოგრ. ტექტ.ბოლოს
653 _aანთროპოლოგია
700 _a აბაკელია, ნ
_eრედაქტორი
_96373
700 _aხუციშვილი, ქ
_eრედაქტორი
_96374
710 _eსაქართველოს ანთროპოლოგთა ასოციაცია
_96375
942 _2udc
_cBK